书目信息 |
| 题名: |
旅游营销学
|
|
| 作者: | 谢彦君 , 梁春媚 编著 | |
| 分册: | ||
| 出版信息: | 北京 中国旅游出版社 2008.06 |
|
| 页数: | 417页 | |
| 开本: | 23cm | |
| 丛书名: | ||
| 单 册: | ||
| 中图分类: | F590.8 | |
| 科图分类: | ||
| 主题词: | 旅游业--市场营销学--高等学校--教材 | |
| 电子资源: | ||
| ISBN: | 978-7-5032-3449-1 | |
| 000 | 00998nam0 2200277 450 | |
| 001 | 012004263261 | |
| 005 | 20091208150659.71 | |
| 010 | @a978-7-5032-3449-1@dCNY36.00 | |
| 100 | @a20080730d2008 em y0chiy0110 ea | |
| 101 | 0 | @achi |
| 102 | @aCN@b110000 | |
| 105 | @ay z 000yy | |
| 106 | @ar | |
| 200 | 1 | @a旅游营销学@9lv you ying xiao xue@f谢彦君,梁春媚编著 |
| 210 | @a北京@c中国旅游出版社@d2008.06 | |
| 215 | @a417页@d23cm | |
| 300 | @a中国旅游协会推荐教材 旅游管理专业新视野教材 | |
| 312 | @a封面英文题名:Tourism marketing | |
| 330 | @a本书内容涵盖了旅游营销的基本概念、理论和方法,包括旅游营销观念、旅游战略营销系统、旅游消费者行为分析、旅游市场细分与目标市场定位、旅游产品策略、定价策略、促销策略和分销策略等。 | |
| 510 | 1 | @aTourism marketing@zeng |
| 606 | 0 | @a旅游业@x市场营销学@x高等学校@j教材 |
| 690 | @aF590.8@v4 | |
| 701 | 0 | @a谢彦君@9xie yan jun@4编著 |
| 701 | 0 | @a梁春媚@9liang chun mei@4编著 |
| 801 | 0 | @aCN@bNLC@c20091208 |
| 905 | @b20796015-19@dF590.8@e269@f5 | |
| 旅游营销学/谢彦君,梁春媚编著.-北京:中国旅游出版社,2008.06 |
| 417页;23cm |
| 中国旅游协会推荐教材 旅游管理专业新视野教材 |
| ISBN 978-7-5032-3449-1:CNY36.00 |
| 本书内容涵盖了旅游营销的基本概念、理论和方法,包括旅游营销观念、旅游战略营销系统、旅游消费者行为分析、旅游市场细分与目标市场定位、旅游产品策略、定价策略、促销策略和分销策略等。 |
| ● |
| 相关链接 |
|
|
|
|
正题名:旅游营销学
索取号:F590.8/269
 
预约/预借
| 序号 | 登录号 | 条形码 | 馆藏地/架位号 | 状态 | 备注 |
| 1 | 796015 | 207960152 | 第一样本阅览室/ [索取号:F590.8/269] | 在馆 | |
| 2 | 796016 | 207960161 | 第一借阅区/ [索取号:F590.8/269] | 在馆 | |
| 3 | 796017 | 207960170 | 第一借阅区/ [索取号:F590.8/269] | 在馆 | |
| 4 | 796018 | 207960189 | 第一借阅区/ [索取号:F590.8/269] | 在馆 | |
| 5 | 796019 | 207960198 | 密集书库-资源管理系/ [索取号:F590.8/269] | 在馆 |